| 000 | 00428cam a2200181 4500 | ||
|---|---|---|---|
| 001 | D7101 | ||
| 008 | 090401t1972 xxu||||| |||| 00| 0 eng d | ||
| 035 | _a(Sirsi) u5172 | ||
| 041 | _aeng | ||
| 050 | _a333.335 | ||
| 100 | _aMiles, C.W.N. | ||
| 245 | _aEstate finance and business management | ||
| 260 |
_aLondon _bEstates Gazette _c1972 |
||
| 300 | _aix. 234p. 22cm | ||
| 350 | _a2.66 | ||
| 942 | _n0 | ||
| 948 | _c04/03/1997 | ||
| 999 |
_c86134 _d86134 |
||